000 01258nam a22002297a 4500
003 AM-YeHGA
040 _aAM-YeHGA
090 _c432887
005 20250617155315.0
008 190422b ||||| |||| 00| 0 rus d
041 1 _arus
_achu
_hgre
100 0 _aКаллист
_bI
_cпатриарх Константинопольский
_d-1363
245 1 0 _aЖитие Григория Синаита, составленное Константинопольским патриархом Каллистом :
_bТекст слав. пер. Жития по рукописи XVI в. и ист.-археол. введ. /
_cПосмертный труд П.А. Сырку
260 _aСанкт-Петербург :
_bОЛДП [О-во любителей древней письменности],
_c1909
300 _a[4], XC, 48 с.
440 0 _aПамятники древней письменности и искусства
_v272 [!172]
500 _aТекст памятника на старо-слав. яз.
653 0 _aХристианство - Житие Святых
700 0 _aГригорий Синаит
_d13-14 в.
_4oth
700 1 _aСырку, Полихроний Агапиевич
_d1855-1905
_eпер.
_4trl
942 _2udc
_cBK
999 _c430334
_d430334